| 000 | 00747nam a2200241 u 4500 | ||
|---|---|---|---|
| 005 | 20230316063606.0 | ||
| 008 | 150303s2006 cl r 000 0 spa d | ||
| 020 | _a9580491232 | ||
| 035 | _aUPN01000202242 | ||
| 049 | _aI | ||
| 050 | 4 |
_aPZ10.3 _bM3.34 |
|
| 100 | 1 |
_aMcKee, David, _d1935- _929650 |
|
| 245 | 1 | 0 |
_aElmer y el osito perdido / _cDavid McKee ; tr. Juliana Duque. |
| 260 |
_aBogotá : _bNorma, _c2006. |
||
| 300 |
_a[25] p. : _bprincipalmente il. col. |
||
| 440 | 0 | _aElmer | |
| 534 |
_pTítulo original: _tElmer and the lost Teddy |
||
| 650 | 0 |
_aAnimales _vCuentos y leyendas _9234 |
|
| 650 | 7 |
_aLibros ilustrados para niños _2 _921365 |
|
| 650 | 4 |
_aCuentos infantiles ingleses _910002 |
|
| 905 | _aInfantil | ||
| 999 |
_c174343 _d174343 |
||